| 000 | 00913nam a2200253Ia 4500 | ||
|---|---|---|---|
| 003 | OSt | ||
| 005 | 20221005111705.0 | ||
| 006 | a|||||r|||| 00| 0 | ||
| 007 | ta | ||
| 008 | 221004b |||||||| |||| 00| 0 hin d | ||
| 024 | _a101040 | ||
| 037 | _cTextual | ||
| 040 |
_aCRL _cCRL _bhin |
||
| 041 |
_2hin _ahin |
||
| 082 | _aV2:5:A, 152H9;M6 | ||
| 100 | _aविद्यानन्द सरस्वती | ||
| 245 | 0 | _aआर्यों का आदिदेश और उनकी सभ्यता | |
| 246 | _aĀryoan kā ādidesh aur unakī sabhyatā | ||
| 260 |
_aबम्बई _bइण्टरनेशनल आर्यन फ़ाउण्डेशन भारत _c1986 |
||
| 300 |
_a246पृ0 _ccm. |
||
| 650 | _aइतिहास | ||
| 942 |
_hV2:5:A, 152H9;M6 _cTEXL _2cc |
||
| 999 |
_c1022594 _d1022594 |
||